00625cam a22002175a 450000500170000000800410001701000140005802000230007203500130009503700130010804000130012108200080013410000170014224500530015926000510021227000580026330000270032150000190034852000260036770000140039320091103014612.0090911s2009 ii ab b 100 0 eng d aENG-95334 a8176483656c700.00 aEN-78867 aDBAD/PUB aDPLbeng a372 aNayak, A. K. aPrimary educationcby A.K. Nayak [and] V.K. Rao aNew Delhi :bAPH Publishing Corporationc2009. a4435-36/7. Ansari road, Darya GanjbNew Delhie110002 avi, 315p.c22 cm. (Hb) aIncludes index aContributed articles. aRao, V.K.